[Event "ESP-chT Div Honor 2018"]
[Site "Linares"]
[Date "2018.08.11"]
[Round "6"]
[White "Anton Guijarro, David"]
[Black "Mirzoev, Azer"]
[Result "1-0"]
[WhiteElo "2652"]
[BlackElo "2510"]
[Annotator "TA"]
[PlyCount "101"]
[EventDate "2018.08.06"]
[EventType "team-tourn"]
[EventCountry "ESP"]
[SourceTitle "playchess.com"]
[Source "ChessBase"]
[SourceQuality "1"]

{[%evp 9,101,0,4,0,3,-16,6,6,6,8,10,0,0,0,0,-1,0,-7,0,0,0,-5,32,27,27,30,23,35,24,13,48,27,79,73,100,94,83,41,68,37,53,42,126,129,165,160,145,154,137,153,149,155,160,145,151,140,183,102,165,164,169,172,164,170,170,109,113,0,165,0,100,108,110,117,122,118,124,121,5306,5306,5277,5202,5169,3278,2269,2073,29964,6307,29972,29973,29973,29974,29974,29975]} 1. Nf3 d5 2. b3 Nf6 3. Bb2 c5 4. e3 e6 5. Bb5+ Nbd7 {LiveBook: 6 Partien} 6. O-O {A06: Zukertort-Eröffnung} Be7 7. c4 O-O 8. cxd5 {Die Stellung ist ausgeglichen.} Nxd5 9. Nc3 Nxc3 $146 ({Vorgänger:} 9... a6 10. Nxd5 exd5 11. Be2 b5 12. Qc2 Rb8 13. Rac1 {0-1 (40) Bergstrom,R (2262)-Ivanov,S (2559) Stockholm 2014}) 10. Bxc3 b6 11. a4 {[%cal Ba2a4,Ba4a5,Ba5a6][%mdl 32]} Bb7 12. a5 Bf6 13. a6 Bd5 14. Qe2 Qc7 15. Rac1 Rac8 16. Bxd7 $1 Qxd7 17. Bxf6 gxf6 18. e4 Bc6 {zielt auf ...Lb5 ab.} 19. Qe3 Kh8 20. d4 cxd4 (20... Bb5 $11) 21. Nxd4 $16 Rfd8 22. Nxc6 Rxc6 23. Qf3 e5 24. h4 b5 25. Rfd1 Rd6 (25... Qd6 $14) 26. Rd5 $1 Kg7 {[%cal Rd6d5]} 27. Qg3+ Kf8 28. Qe3 $1 {Droht Tcd1 und aus.} Rxd5 29. exd5 {[%mdl 4096] Endspiel KDT-KDT} Kg7 30. Qg3+ Kf8 31. Qf3 $1 Qe7 32. Qe4 Kg7 33. Rc3 (33. Rc6 $18) 33... f5 (33... Qd6 $16) 34. Qxf5 $18 Rxd5 35. Rg3+ Kh8 36. Qg4 $1 {[%csl Gg3][%cal Rg4g8]} Qf8 37. Qe4 (37. Rf3 $18) 37... Qd6 $16 38. Qg4 (38. Qf3 $1 $16 {[%cal Rf3f7]} Qe6 39. Qe4) 38... Qf8 $1 $18 39. Qe4 $40 {[%mdl 128] Weiss hat einigen Angriff.} (39. Rf3 $18) 39... Qd6 $1 $16 40. Qf3 Qe6 41. Kh2 h6 {[#]} 42. Qe4 $1 Rd8 43. Re3 Rd4 $2 {[%mdl 8192] [#]} (43... Rd5 $16) 44. Qxd4 $3 $18 {[%mdl 512]} exd4 45. Rxe6 fxe6 {KB-KB} 46. Kg3 Kg7 47. Kf4 h5 48. Ke4 e5 49. f4 {Weiß setzt Matt.} exf4 50. Kxd4 Kf6 51. Ke4 {Precision: Weiß = 74%, Schwarz = 51%.} 1-0

[Event "ESP-chT Div Honor 2018"]
[Site "Linares"]
[Date "2018.08.11"]
[Round "6"]
[White "Meier, Georg"]
[Black "Saric, Ivan"]
[Result "1/2-1/2"]
[WhiteElo "2638"]
[BlackElo "2690"]
[Annotator "TA"]
[PlyCount "84"]
[EventDate "2018.08.06"]
[EventType "team-tourn"]
[EventCountry "ESP"]
[SourceTitle "playchess.com"]
[Source "ChessBase"]
[SourceQuality "1"]

{[%evp 22,84,20,24,20,24,27,17,17,15,27,0,0,0,13,20,13,13,13,8,18,14,15,8,7,12,81,71,82,83,90,83,90,83,98,31,32,12,83,0,0,0,0,0,0,0,0,0,0,0,0,0,0,0,0,0,0,0,0,0,0,0,0,0,0]} 1. Nf3 g6 2. d4 Bg7 3. e4 d6 4. c4 Nf6 5. Nc3 O-O 6. Be2 e5 7. O-O Nc6 8. dxe5 dxe5 9. Bg5 Bg4 {E97: King's Indian: Classical Main Line (6...e5 7 0-0 Nc6): 8 Be3 and 8 d5 Ne7, not 9 Ne1} 10. Qxd8 Nxd8 11. Bxf6 Bxf6 12. Nd5 {LiveBook: 10 Games} Bxf3 13. gxf3 Kg7 14. Nxc7 Rc8 15. Nd5 Ne6 {[#]} 16. Rfc1 $146 ({Predecessor:} 16. Kg2 Nf4+ 17. Nxf4 exf4 {½-½ (30) Grandelius,N (2641)-Jones,G (2671) Reykjavik 2017}) 16... Nd4 17. Kf1 Bh4 18. Rc3 f5 19. exf5 Rxf5 20. Rd1 Rcf8 {[#]} 21. f4 $1 {[%mdl 512]} Nxe2 (21... exf4 22. Rxd4) 22. Kxe2 exf4 23. Kf3 Bd8 (23... Rh5 $11) 24. Ra3 $1 $16 a6 25. Rb3 R8f7 26. Nc3 $1 Bf6 {[#]} 27. Ne4 $1 {[%cal Re4d6] Hoping for Nd6.} Ra5 28. Nxf6 (28. Rb6 $16) 28... Kxf6 {[%mdl 4096] Endgame KRR-KRR} 29. Rd6+ Kf5 {[#]} (29... Kg5 $1 $11) 30. Rdb6 ({White should try} 30. h4 $1 $16) 30... g5 $11 {[%cal Bg6g5,Bg5g4][%mdl 32] The position is equal.} 31. Rxb7 g4+ 32. Kg2 Rxb7 33. Rxb7 Rxa2 {KR-KR} 34. c5 h5 35. h3 Ra1 36. hxg4+ hxg4 37. Rf7+ Ke5 38. Rg7 f3+ 39. Kh2 Rf1 40. Rxg4 {Black should prevent Kg3.} Rxf2+ 41. Kg3 Rxb2 {...Rg2+ is the strong threat.} 42. Kxf3 Kd5 {Precision: White = 77%, Black = 66%.} 1/2-1/2

[Event "ESP-chT Div Honor 2018"]
[Site "Linares"]
[Date "2018.08.11"]
[Round "6"]
[White "Shirov, Alexei"]
[Black "Forcen Esteban, Daniel"]
[Result "1/2-1/2"]
[WhiteElo "2631"]
[BlackElo "2569"]
[Annotator "TA"]
[PlyCount "64"]
[EventDate "2018.08.06"]
[EventType "team-tourn"]
[EventCountry "ESP"]
[SourceTitle "playchess.com"]
[Source "ChessBase"]
[SourceQuality "1"]

{[%evp 29,64,8,27,35,14,10,17,14,31,19,14,-49,-57,-45,-58,-41,-42,-54,-42,-52,-62,-61,-65,-58,-63,-62,-62,-58,-64,-52,-26,-38,0,-66,0,-34,-23]} 1. e4 e6 2. d4 d5 3. Nc3 Nf6 4. e5 Nfd7 5. f4 c5 6. Nf3 Nc6 7. Be3 cxd4 8. Nxd4 Qb6 9. Qd2 Qxb2 10. Rb1 Qa3 11. Bb5 Nxd4 {C11: Französische Verteidigung} 12. Bxd4 a6 13. Bxd7+ Bxd7 14. Rb3 Qe7 15. Rxb7 Rc8 {LiveBook: 41 Partien} 16. O-O (16. f5 exf5 17. O-O Qd8 18. Qf2 Rc4 19. Rfb1 {1-0 (41) Nepomniachtchi,I (2751)-Sutovsky,E (2647) Poikovsky 2018}) 16... Qd8 17. Qe3 Rc4 {[#] zielt auf ...Txd4! ab.} 18. Rfb1 Be7 {[%cal Bf8e7,Be7g5,Bg5f6][%mdl 32]} 19. f5 {Schwarz muss nun f6! beachten.} Bg5 $146 20. Qf2 (20. Qd3 $11) 20... exf5 $15 21. e6 fxe6 22. Bxg7 Rg8 23. Be5 Bf6 $1 {[%cal Rf6e5]} 24. Rxd7 Kxd7 25. Qa7+ ({Aber nicht} 25. Nxd5 $2 Bxe5 26. Ne3 Rf4 $19) 25... Rc7 $1 {[%cal Rc7a7]} 26. Bxc7 Qxc7 27. Qxa6 Rb8 ({Viel schlechter ist} 27... Bxc3 $6 28. Rb7 $14) 28. Rxb8 Qxb8 29. Qa4+ $1 Kd6 30. Qa3+ Kd7 {[#] Droht stark ...Ld4+.} 31. Qa4+ $1 Kd6 32. Qa3+ $1 Ke5 {Precision: Weiß = 75%, Schwarz = 53%.} 1/2-1/2

[Event "ESP-chT Div Honor 2018"]
[Site "Linares"]
[Date "2018.08.11"]
[Round "6"]
[White "Banusz, Tamas"]
[Black "Adhiban, Baskaran"]
[Result "0-1"]
[WhiteElo "2612"]
[BlackElo "2671"]
[Annotator "TA"]
[PlyCount "95"]
[EventDate "2018.08.06"]
[EventType "team-tourn"]
[EventCountry "ESP"]
[SourceTitle "playchess.com"]
[Source "ChessBase"]
[SourceQuality "1"]

{[%evp 16,95,0,-13,18,16,16,2,6,0,8,-8,-12,-21,-14,-14,-14,-23,-14,-29,-29,-29,-19,-18,-18,-20,-20,-21,-21,-21,-21,-30,-22,-31,-19,-21,-20,-19,-19,-26,-24,-24,-26,-25,0,0,0,0,0,0,0,0,0,0,0,0,0,0,0,0,0,-30,0,0,0,-30,0,-30,-31,-31,-31,-31,-31,-31,-31,-29,-39,-29971,-33,-38,-39,-29977]} 1. Nf3 d5 2. g3 g6 3. Bg2 Bg7 4. d4 Nf6 5. O-O O-O 6. Nbd2 c5 7. dxc5 Qc7 {D02: Damenbauernspiele} 8. Nb3 e5 9. c3 {LiveBook: 5 Partien} Rd8 $146 {Die Stellung ist ausgeglichen.} ({Vorgänger:} 9... a5 10. a4 Na6 11. h3 Rd8 12. Be3 h6 13. Ne1 Ne4 14. Nd3 f5 15. Kh2 {½-½ (42) Stefanova,A (2512)-Piorun,K (2651) Caleta 2017}) 10. Bg5 Be6 11. Nfd2 Nbd7 12. e4 {[#] Droht stark exd5.} Nxc5 13. Bxf6 Bxf6 14. exd5 Bxd5 15. Bxd5 Rxd5 16. Nxc5 Qxc5 17. Ne4 Rxd1 18. Nxc5 Rxa1 19. Rxa1 $11 {[%mdl 4096] Endspiel KTL-KTS} Be7 20. Nb3 f6 21. Rd1 Rd8 22. Rxd8+ Bxd8 {KL-KS} 23. Kf1 Kf7 24. Ke2 b6 25. Kd3 Ke6 26. a4 Kd5 27. Nd2 f5 28. f3 Bg5 29. b3 Bxd2 30. Kxd2 {KB-KB} e4 31. Ke3 exf3 32. Kxf3 g5 33. h4 h6 34. h5 Ke5 35. Ke3 $1 Kd5 36. Kf3 Ke6 37. Ke3 Ke5 38. Kf3 Kd6 39. Ke3 Kc5 40. Kf3 a6 41. Ke3 Kd5 42. Kf3 Ke5 43. Ke3 $1 f4+ 44. gxf4+ gxf4+ 45. Kd3 Kf5 46. b4 $2 {[%mdl 8192] [#]} (46. Ke2 $15) 46... b5 $2 (46... Kg4 {setzt Matt} 47. Ke2 Kg3 48. b5 axb5 49. axb5 Kg2 50. Kd3 f3 51. Ke4 f2 52. Kd5 f1=Q 53. Kc6 Qf2 54. Kb7 Qc5 55. c4 Kg3 56. Ka6 Qc7 57. c5 bxc5 58. b6 Qf4 59. Ka5 Qb4+ 60. Ka6 c4 61. Ka7 c3 62. Ka8 c2 63. b7 Qa5+ 64. Kb8 Kf3 65. Kc8 c1=Q+ 66. Kd7 Qcc7+ 67. Ke8 Qxh5+ 68. Kf8 Qhf7#) 47. axb5 $15 axb5 {Und weiter mit ...Kg4 wäre nett.} 48. Kd4 $2 {[%mdl 8192] Precision: Weiß = 52%, Schwarz = 64%.} (48. Kd2 $15 Ke5 49. Kd3) 0-1

[Event "ESP-chT Div Honor 2018"]
[Site "Linares"]
[Date "2018.08.11"]
[Round "6"]
[White "Antipov, Mikhail Al"]
[Black "Rodshtein, Maxim"]
[Result "0-1"]
[WhiteElo "2598"]
[BlackElo "2678"]
[Annotator "TA"]
[PlyCount "60"]
[EventDate "2018.08.06"]
[EventType "team-tourn"]
[EventCountry "ESP"]
[SourceTitle "playchess.com"]
[Source "ChessBase"]
[SourceQuality "1"]

{[%evp 19,60,-6,-18,-20,0,3,6,-8,-18,-33,16,-56,-52,-63,-74,-93,-76,-83,-83,-85,-93,-118,-121,-121,-122,-120,-120,-133,-133,-199,-194,-239,-239,-254,-266,-262,-256,-259,-256,-257,-258,-604,-421]} 1. e4 e5 2. Nf3 Nc6 3. Bc4 Bc5 4. b4 Bxb4 5. c3 Be7 6. d4 Na5 7. Bd3 d6 {C51: Evans Gambit: Declined and Accepted without 5...Ba5} 8. dxe5 dxe5 9. Nxe5 Nf6 10. O-O O-O {LiveBook: 34 Games} 11. Nd2 (11. Qc2 c5 12. Nd2 Qc7 13. Nec4 Nxc4 14. Bxc4 Bd6 15. h3 {0-1 (47) Kryvoruchko,Y (2707)-Karjakin,S (2771) Dubai 2014}) 11... Nd7 12. Nxd7 $146 ({Predecessor:} 12. Nef3 Nc5 13. Bc2 f6 14. Nd4 Bd7 15. N2b3 {½-½ (27) Buenjer,C (1933)-Schoemig,A (1866) DESC email 2002}) 12... Qxd7 13. Qc2 Rd8 14. Be2 Qc6 15. f4 (15. Nf3 $11) 15... b6 $15 16. e5 Bb7 {[%csl Gb7][%cal Rc6g2] [#]} 17. Bf3 Qb5 18. Ne4 Bc5+ $40 {[%mdl 128] Black is out for blood.} 19. Nxc5 Qxc5+ 20. Qf2 Qxf2+ 21. Kxf2 Bxf3 22. Kxf3 Rd3+ 23. Ke2 Rad8 24. f5 (24. Rf3 $17 {was called for.} R3d5 25. Be3) 24... Rxc3 $19 {aiming for ...Rc2+.} 25. Bf4 Rc2+ 26. Kf3 Rd3+ 27. Ke4 Ra3 28. Rad1 {[%cal Rd1d8] [#]} Re2+ 29. Kd5 Rc3 {( -> ...Nc6)} ({Less strong is} 29... Rexa2 30. e6 $17) 30. Rfe1 $2 (30. Kd4 Rc4+ 31. Kd3 Rxa2 32. g3) 30... Rc5+ {Precision: White = 30%, Black = 79%.} 0-1

[Event "ESP-chT Div Honor 2018"]
[Site "Linares"]
[Date "2018.08.11"]
[Round "6"]
[White "Santos Latasa, Jaime"]
[Black "Santos Ruiz, Miguel"]
[Result "1-0"]
[WhiteElo "2582"]
[BlackElo "2517"]
[Annotator "TA"]
[PlyCount "107"]
[EventDate "2018.08.06"]
[EventType "team-tourn"]
[EventCountry "ESP"]
[SourceTitle "playchess.com"]
[Source "ChessBase"]
[SourceQuality "1"]

{[%evp 14,107,18,0,27,36,33,30,87,97,120,117,96,71,87,54,75,78,76,74,79,79,84,87,83,76,126,125,114,112,109,105,105,92,120,120,105,114,154,144,179,179,171,163,247,244,231,197,266,254,254,231,233,208,208,208,215,217,215,215,215,210,208,208,229,227,226,200,200,146,195,152,199,207,227,214,233,212,227,214,239,239,247,214,342,350,349,362,343,348,347,340,768,747,762,758]} 1. e4 c5 2. Nf3 d6 3. d4 cxd4 4. Qxd4 Nf6 5. Be2 Nc6 6. Qe3 {B53: Sizilianisch (Ungarische Variante)} g6 7. O-O Bg7 8. h3 {LiveBook: 8 Partien. Die Stellung ist ausgeglichen.} Qb6 $146 ({Vorgänger:} 8... O-O 9. Rd1 Be6 10. Nc3 Qc7 11. Nb5 Qc8 12. Nbd4 Nxd4 13. Nxd4 {0-1 (44) Rombaldoni,A (2464)-Volokitin,A (2695) Plovdiv 2012}) 9. Qxb6 axb6 10. Nc3 Nd7 (10... Be6 $11) 11. Nd5 $16 Ra4 12. Nd2 e6 13. Ne3 Ke7 14. c3 f5 15. Bb5 Ra5 16. a4 {Schwarz muss nun exf5 beachten.} fxe4 17. Nxe4 {zielt auf Sc4 ab.} d5 18. Ng5 h6 19. Nf3 Ra8 20. Re1 $36 {[%mdl 2048] [#] Und Sxd5+ würde nun gewinnen. Läuft bei Weiss.} Kf7 21. Ng4 e5 22. Bxc6 bxc6 23. Ngxe5+ Nxe5 24. Nxe5+ Bxe5 25. Rxe5 Bb7 26. Ra3 h5 27. Be3 Ra6 28. Rb3 Rxa4 (28... Re8 $142 29. Rxe8 (29. Rxb6 Rxe5 30. Rxb7+ Re7 $11) 29... Kxe8 30. Rxb6 Rxb6 31. Bxb6 Ba6) 29. Rxb6 $18 Ba8 30. Bg5 {Weiss droht Te7+ und Matt.} Ra7 (30... Re4 {kämpft weiter.} 31. Rxe4 dxe4) 31. Rb4 Rf8 32. Be3 Rb7 {und die Idee ...Txb4 ließe Schwarz weiter hoffen.} 33. Rf4+ Kg8 34. Rxf8+ Kxf8 {[%mdl 4096] Endspiel KTL-KTL} 35. b4 Kf7 {[#]} 36. Bc5 $1 Rd7 37. Kh2 Bb7 38. Kg3 Ba6 39. Kh4 Kf6 40. Re8 Bf1 41. Kg3 Bb5 42. f3 Kf7 43. Re1 Kg7 44. Kh4 Kf6 45. g4 hxg4 46. hxg4 {[%cal Bh3g4,Bg4g5][%mdl 32]} ({Bloß nicht} 46. Kxg4 $6 Rh7 $16) 46... Rh7+ 47. Kg3 Rd7 48. Kf4 Rh7 (48... g5+ $142 49. Kg3 Kg7) 49. g5+ Kf7 50. Re7+ Kg8 51. Re6 Rf7+ 52. Kg4 {Te8+ ist eine echte Drohung.} Rg7 $2 (52... Kh7 53. Re8 Rg7) 53. Rf6 Kh7 54. Bd4 {Precision: Weiß = 85%, Schwarz = 38%.} 1-0

[Event "ESP-chT Div Honor 2018"]
[Site "Linares"]
[Date "2018.08.11"]
[Round "6"]
[White "Ibarra Jerez, Jose Carlos"]
[Black "Silva Lucena, Cristian"]
[Result "1-0"]
[WhiteElo "2570"]
[BlackElo "2237"]
[Annotator "TA"]
[PlyCount "145"]
[EventDate "2018.08.06"]
[EventType "team-tourn"]
[EventCountry "ESP"]
[SourceTitle "playchess.com"]
[Source "ChessBase"]
[SourceQuality "1"]

{[%evp 16,145,17,8,43,3,27,9,28,10,19,16,27,28,32,44,27,29,50,31,37,39,36,30,98,95,98,94,99,87,93,99,101,100,99,67,61,41,48,58,85,91,86,85,98,93,106,97,129,121,119,108,103,112,103,116,114,102,104,87,89,53,95,78,83,82,76,54,62,55,144,126,220,228,346,229,237,221,217,239,244,238,385,365,445,442,429,405,807,799,758,762,614,515,597,583,556,527,692,645,1001,938,928,893,759,441,480,405,377,274,374,353,2314,2303,3810,3119,2706,1975,2783,2745,12843,12843,12844,12844,12846,12847,12847,12847,12848,12848,12849,12849]} 1. Nf3 Nf6 2. g3 g6 3. b3 d5 4. Bb2 Bg7 5. c4 c6 6. Bg2 O-O 7. O-O Bg4 8. d3 Bxf3 9. Bxf3 {LiveBook: 145 Games} Ne8 $146 {A11: English Opening: 1...c6} ({Predecessor:} 9... e6 10. Qc2 Ne8 11. Nc3 Nd6 12. Rad1 Nd7 13. Bg2 Re8 14. e4 d4 15. Ne2 e5 16. f4 c5 17. f5 b5 18. cxb5 {1-0 (49) Hammer,J (2631)-Hansen,E (2629) chess.com INT 2018}) 10. Nc3 {[%cal Rc4d5]} e6 11. Rc1 Nd6 {The position is equal.} 12. Ba3 Re8 13. d4 dxc4 14. e3 e5 15. Bxd6 Qxd6 16. d5 $36 {[%mdl 2048] Black is under pressure.} f5 17. e4 {Threatens to win with dxc6.} Rd8 18. bxc4 Na6 19. Na4 c5 (19... Qa3 $11 {keeps the balance.}) 20. Nc3 $16 Nc7 21. Rb1 Rab8 22. Bg2 {[%cal Bf3g2,Bg2h3,Bh3e6,Be6f7][%mdl 32]} Qa6 23. Qd3 f4 24. Bh3 Ne8 25. Nb5 Qa5 26. Be6+ Kh8 27. Bf7 Nd6 28. Nxd6 Rxd6 29. Be6 Qc7 30. Rb3 Rbd8 {Threatening ...Rxe6!} 31. Qc3 Rf8 32. a4 {[%cal Ba2a4,Ba4a5][%mdl 32]} Ra6 33. Rb5 b6 34. Ra1 Qe7 35. a5 Qf6 36. Rf1 Bh6 37. Bh3 Bg5 38. Qd3 Rd8 39. Qb3 Rxa5 40. Rxa5 bxa5 41. Qc3 fxg3 42. hxg3 Qd6 ({Better is} 42... Qb6 $14) 43. Qxa5 Rb8 (43... Ra8 $16 44. Rb1 Bd8) 44. Qxa7 $18 Bd2 (44... Qb6 $142 45. Qf7 Qd8) 45. Qa3 Bg5 46. Be6 Qf8 47. Kg2 Be7 48. Qc3 Qg7 (48... Bd6 {is a better defense.} 49. Qe3 Kg7) 49. Ra1 Bd6 50. Ra6 Rd8 51. Qa5 Qf6 {[#]} (51... Qc7 $142 52. Qa1 Qb8) 52. Rxd6 $1 {[%mdl 512]} Rxd6 53. Qxc5 {[%mdl 4096] Endgame KQR-KQB} Rd8 54. Bh3 Rf8 55. Qe3 Kg7 56. c5 Qa6 57. Qc3 Qf6 58. f4 Qa6 59. Qxe5+ Kh6 60. Kh2 Qe2+ 61. Bg2 Ra8 62. Qg5+ $1 Kg7 {[#] intending ...Ra2.} 63. Qe7+ $1 Kh6 $2 {[#]} (63... Kg8 64. Qe6+ Kg7 65. Qd7+ Kh8) 64. g4 $1 {g5+ would kill now.White is clearly winning.} Qxg4 {[#]} 65. Qg5+ $1 {[%mdl 512]} Qxg5 66. fxg5+ Kxg5 {KR-KB} 67. d6 Rd8 {[#]} 68. e5 $1 Kf5 69. c6 Kxe5 70. c7 Rxd6 71. c8=Q {White wants to mate with Qc5+.} h5 72. Qc5+ Ke6 73. Bh3+ {Precision: White = 79%, Black = 42%.} 1-0

[Event "ESP-chT Div Honor 2018"]
[Site "Linares"]
[Date "2018.08.11"]
[Round "6"]
[White "Volkov, Sergey"]
[Black "Ponomariov, Ruslan"]
[Result "1/2-1/2"]
[WhiteElo "2557"]
[BlackElo "2686"]
[Annotator "TA"]
[PlyCount "61"]
[EventDate "2018.08.06"]
[EventType "team-tourn"]
[EventCountry "ESP"]
[SourceTitle "playchess.com"]
[Source "ChessBase"]
[SourceQuality "1"]

{[%evp 23,61,18,27,29,27,20,34,15,12,28,16,4,7,0,0,0,0,0,17,0,0,0,0,0,0,0,0,-7,0,-11,0,0,0,0,0,0,0,0,0,0]} 1. d4 d5 2. c4 dxc4 3. e3 Nf6 4. Bxc4 e6 5. Nf3 a6 6. O-O c5 7. dxc5 Bxc5 8. Qxd8+ Kxd8 9. Nbd2 Ke7 10. b3 {D27: Queen's Gambit Accepted: Classical main line: 7 e4!? and 7 a4} Rd8 11. Be2 Nc6 12. Bb2 b6 {LiveBook: 7 Games} 13. Rac1 (13. a3 a5 14. Rfc1 Bb7 15. Bxf6+ gxf6 16. Ne4 Bd6 17. Nxd6 Rxd6 18. Kf1 {½-½ (33) So,W (2810)-Caruana,F (2807) Saint Louis 2017}) 13... Bb7 14. Rfd1 Rac8 15. Ne1 Kf8 16. Nd3 Be7 17. Nc4 $146 {The position is equal.} ({Predecessor:} 17. a3 Nd7 18. h3 {½-½ (38) Latib,Y (1847)-Benassi,A (2144) LSS email 2011}) 17... Nd7 18. Bf3 b5 19. Nd2 {[%cal Bc4d2,Bd2f3,Bf3d4,Bd4e6][%mdl 32]} Na5 {[%cal Bc6a5,Ba5b7,Bb7c5][%mdl 32]} 20. Kf1 f6 21. Ke2 Bxf3+ 22. gxf3 {[%cal Bg2f3,Bf3f4,Bf4f5][%mdl 32]} Kf7 23. f4 Nb7 24. Nf3 Nb6 25. Nd4 Nc5 26. f5 e5 27. Nxc5 Bxc5 28. Ne6 Rxd1 29. Rxd1 Be7 30. e4 g6 31. Kd3 {Precision: White = 63%, Black = 88%.} 1/2-1/2

[Event "ESP-chT Div Honor 2018"]
[Site "Linares"]
[Date "2018.08.11"]
[Round "6"]
[White "Magem Badals, Jordi"]
[Black "Osmak, Iulija"]
[Result "1/2-1/2"]
[WhiteElo "2531"]
[BlackElo "2410"]
[Annotator "TA"]
[PlyCount "53"]
[EventDate "2018.08.06"]
[EventType "team-tourn"]
[EventCountry "ESP"]
[SourceTitle "playchess.com"]
[Source "ChessBase"]
[SourceQuality "1"]

{[%evp 22,53,-4,-6,12,2,10,4,34,35,42,21,38,64,58,55,48,37,36,47,94,97,155,95,85,73,534,0,0,0,540,0,0,0]} 1. e4 e6 2. d4 d5 3. Nd2 c5 4. Ngf3 cxd4 5. Nxd4 Nc6 6. Bb5 Bd7 7. Nxc6 bxc6 8. Bd3 Qc7 9. Qe2 {C07: French Tarrasch: 3...c5, 4 Ngf3 and 4 exd5 Qxd5} Ne7 (9... Bd6 10. Nf3 dxe4 11. Qxe4 Nf6 12. Qh4 h6 13. Bd2 c5 14. O-O-O Rb8 15. Rhe1 Bc6 16. Bc3 Bxf3 17. gxf3 {1-0 (42) McShane,L (2644)-Howell,D (2702) Llandudno 2017}) 10. Nf3 Ng6 {[%cal Be7g6,Bg6h8,Bh8f7][%mdl 32]} 11. e5 Be7 12. O-O {LiveBook: 3 Games} O-O 13. h4 {[%cal Bh2h4,Bh4h5][%mdl 32]} f5 14. h5 $146 ({Predecessor:} 14. g3 c5 15. c3 Bc6 16. Bg5 Rab8 17. Bxe7 Nxe7 {0-1 (31) Genocchio,D (2410)-Moroni,L (2506) Cosenza 2017}) 14... Nh8 15. c4 Nf7 16. Bf4 g5 17. hxg6 $1 hxg6 18. cxd5 cxd5 19. Rac1 Qb6 20. Be3 $36 {[%mdl 2048] White is pushing.} Qa5 21. Nd4 Rfc8 {[#]} (21... Rab8 $142) 22. Ba6 ({White should try} 22. g4 $1) 22... Rxc1 23. Rxc1 Qxa2 $2 {[%mdl 8192]} (23... Bf8 $16) 24. Rc7 Qb1+ 25. Rc1 Qa2 $1 26. Rc7 $2 {[#]} (26. Bb5 $18) 26... Qb1+ $11 27. Rc1 {Precision: White = 72%, Black = 37%.} 1/2-1/2

[Event "ESP-chT Div Honor 2018"]
[Site "Linares"]
[Date "2018.08.11"]
[Round "6"]
[White "Korneev, Oleg"]
[Black "Rakhmanov, Alexander"]
[Result "1/2-1/2"]
[WhiteElo "2513"]
[BlackElo "2629"]
[Annotator "TA"]
[PlyCount "60"]
[EventDate "2018.08.06"]
[EventType "team-tourn"]
[EventCountry "ESP"]
[SourceTitle "playchess.com"]
[Source "ChessBase"]
[SourceQuality "1"]

{[%evp 16,60,28,24,19,2,38,24,39,29,27,7,14,0,8,0,11,-25,12,14,13,11,12,6,15,12,16,0,14,17,24,4,9,0,0,0,0,0,0,0,0,0,0,0,0,0,0]} 1. e4 e5 2. Nf3 Nf6 3. d4 Nxe4 4. Bd3 d5 5. Nxe5 Nd7 6. Nxd7 Bxd7 7. O-O Nf6 8. Bf4 {C43: Petroff Defence: 3 d4} Be7 9. Nd2 {LiveBook: 3 Games} Bg4 $146 ({Predecessor:} 9... O-O 10. h3 Re8 11. c3 c5 12. dxc5 {½-½ (12) Fominyh,A (2441)-Ilincic,Z (2405) Kecskemet 2016}) 10. Qb1 Bh5 11. c3 O-O 12. Re1 Re8 13. Bg5 Bg6 14. Bxg6 hxg6 15. Qd3 c6 16. Bxf6 Bxf6 17. Rxe8+ Qxe8 18. Nf3 Qd7 19. Re1 Re8 20. Rxe8+ Qxe8 21. h4 Qe6 22. g3 Qf5 23. Qe2 Kf8 {The position is equal.} 24. Kg2 g5 25. hxg5 Bxg5 26. Nxg5 Qxg5 $11 {KQ-KQ} 27. Qd1 Qe7 28. Qg4 g6 29. Kf1 Kg7 30. Qc8 a6 {Precision: White = 42%, Black = 66%.} 1/2-1/2

[Event "ESP-chT Div Honor 2018"]
[Site "Linares"]
[Date "2018.08.11"]
[Round "6"]
[White "Cornette, Deimante"]
[Black "Moskalenko, Viktor"]
[Result "1/2-1/2"]
[WhiteElo "2463"]
[BlackElo "2504"]
[Annotator "TA"]
[PlyCount "69"]
[EventDate "2018.08.06"]
[EventType "team-tourn"]
[EventCountry "ESP"]
[SourceTitle "playchess.com"]
[Source "ChessBase"]
[SourceQuality "1"]

{[%evp 19,69,0,12,6,54,51,57,57,57,56,48,50,78,0,0,0,0,7,7,7,20,7,7,0,0,0,0,0,0,0,0,0,10,0,0,0,0,0,0,0,-6,-45,-17,-19,-3,-3,0,-3,0,-3,0,-5]} 1. e4 e6 2. d4 d5 3. Nc3 Nf6 4. Bg5 Bb4 5. e5 h6 6. Bc1 Ne4 7. Qg4 {C12: French: Classical System: McCutcheon Variation} g6 8. a3 Bxc3+ 9. bxc3 c5 10. Bd3 cxd4 {LiveBook: 3 Games} 11. Ne2 Nc6 12. cxd4 {And now 0-0 would win.} Qa5+ $1 13. Kf1 Nd2+ 14. Bxd2 $1 Qxd2 {[#]} 15. h4 $146 h5 {[#]} 16. Qg5 (16. Qf3 $1 $16) 16... Qxg5 $11 17. hxg5 Rg8 18. Rb1 Ke7 19. f3 Na5 20. Kf2 Bd7 21. g4 hxg4 22. fxg4 Rg7 23. Ke3 a6 24. Rb6 Bc6 25. Rh3 Rgg8 26. Rb1 (26. Nc1 {seems wilder.} Rh8 27. Rh6 Rhb8 28. Ne2 Rg8 29. Nf4) 26... Bb5 27. Bxb5 axb5 28. Rxb5 Nc4+ 29. Kf4 b6 30. Rbb3 Rh8 {[%mdl 1024] Black has compensation.} 31. Rh6 $1 {The position is equal.} Rhc8 32. Rhh3 Rh8 33. Rh6 $1 Rhc8 34. Rhh3 Rh8 35. Rh6 $1 {Precision: White = 72%, Black = 82%.} 1/2-1/2